000 01387cam a22003617a 4500
003 CHAP
005 20220329135853.0
008 971013s1978 r 00010 d
010 _a43578
011 _a44550
035 _a48688
040 _cCHAP
090 _aTesis
100 0 0 _aFuentes Vázquez, Jorge Segundo.
_943901
245 0 _aVariaciones inducidas en sorgo de grano (Sorghum bicolor (L.) Monch) por efectos de irradiación de semillas con rayos gamma Co. 60 en condiciones de invernadero
260 _aMonterrey, N.L. :
_bEl autor,
_c1978
300 _a79 h.
_b: gráfs.
502 _aTesis (M. en C. Esp. en Fitomejoramiento) -- ITESM. Div. de Ciencias Agropecuarias y Marítimas. Programa de Graduados
590 _aALEPH
_b10
_c20130110
_lUCH01
_h1312
590 _aBATCH-UPD
_b10
_c20130110
_lUCH01
_h0001
590 _aBATCH-UPD
_b10
_c20130110
_lUCH01
_h2232
590 _aBATCH-UPD
_b10
_c20130409
_lUCH01
_h1936
590 _aBATCH-UPD
_b10
_c20130410
_lUCH01
_h1527
590 _aBATCH-UPD
_b10
_c20130914
_lUCH01
_h1951
590 _aCONVERSION
_b10
_c20130109
_lUCH01
_h1324
650 1 4 _aRadiación
_xEfecto en semillas.
_993675
650 1 4 _aRayos gamma
_xEfectos fisiológicos.
_994860
650 1 4 _aSorgo
_xFisiología y morfología.
_9108671
650 1 4 _aSorgo
_xGenética.
_9108673
901 _aBK
942 _cTESIS
949 _bBC
_cTES
_d-110114
_eTS1
_i48688
_si
999 _c43578
_d43578